Video and image processing in multimedia systems (Record no. 88954)

MARC details
000 -LEADER
fixed length control field 00837nam a2200253Ia 4500
008 - FIXED-LENGTH DATA ELEMENTS--GENERAL INFORMATION
fixed length control field 191130s1995##################000#0#eng##
020 ## - INTERNATIONAL STANDARD BOOK NUMBER
ISBN 9780792396048
082 ## - DEWEY DECIMAL CLASSIFICATION NUMBER
Classification number 006.7 FUR
100 ## - MAIN ENTRY--AUTHOR NAME
Personal name Furht, Borivoje
245 ## - TITLE STATEMENT
Title Video and image processing in multimedia systems
Statement of responsibility, etc by Borko Furht, Stephen W. Smoliar, HongJiang Zhang
260 ## - PUBLICATION, DISTRIBUTION, ETC. (IMPRINT)
Place of publication The Hague, London
Name of publisher Kluwer Academic Publishers
Year of publication c1995
300 ## - PHYSICAL DESCRIPTION
Number of Pages xii, 377 p. : ill. ; 25 cm
500 ## - GENERAL NOTE
General note Includes bibliographical references (p. 357-365) and index
650 ## - SUBJECT ADDED ENTRY--TOPICAL TERM
Topical Term Image processing - Digital techniques
Topical Term Multimedia systems
Topical Term Video compression
700 ## - ADDED ENTRY--PERSONAL NAME
Personal name Smoliar, Stephen W
Personal name Zhang, HongJiang
991 ## -
-- 118033
Holdings
Withdrawn status Lost status Damaged status Not for loan Home library Current library Shelving location Date acquired Full call number Accession Number Price effective from Koha item type
        Anna Centenary Library Anna Centenary Library 3RD FLOOR, A WING 09.10.2020 006.7 FUR 301014 09.10.2020 English Books

Find us on the map